Logo de marques de vélo - Facile - Statistiques

Statistiques générales
  • Ce quiz a été pris 166 fois
  • Le résultat moyen est 12 sur 20
Statistiques - réponses
Par images Réponse % Correct
Lapierre
88%
Specialized
88%
Van Rysel
88%
Cervélo
82%
Scott
80%
Colnago
76%
BMC
73%
Look
73%
Pinarello
70%
Cube
67%
Canyon
62%
Cannondale
53%
Trek
49%
Bianchi
46%
Giant
44%
Wilier
44%
Ridley
39%
Mérida
27%
Focus
18%
Orbéa
12%
Aucun quiz correspondant
Distribution des résultats
% des personnes avec chaque résultat
Percentile par nombre de réponses
Votre historique - résultats
Vous n’avez pas pris ce quiz